| 000 | 00414nam a2200157Ia 4500 | ||
|---|---|---|---|
| 003 | OSt | ||
| 008 | 200919s9999||||xx |||||||||||||| ||und|| | ||
| 020 | _a8185938180 | ||
| 041 | _aeng | ||
| 082 |
_a519.5 _bCOC/ST |
||
| 100 |
_aSnedecor, George W; Cochran, William G _95475 |
||
| 245 | 0 | _aStatistical Methods | |
| 260 |
_aMadras _bAffiliated East - West Press Private Limited _c1989 |
||
| 300 | _a503p | ||
| 942 | _cBK | ||
| 999 |
_c17707 _d17707 |
||